000 00444nam a2200157 i 4500
001 89976
003 ES-MaACL
007 t|
008 050117s1912 fr ||||1| fre d
100 1 _aLeduc, E.
_971170
245 1 0 _aChaux, ciments, platres /
_cpar E. Leduc [et] G. Chenu.
260 _aParis :
_b[s.n.],
_c1912 (
_eSaint-Amand :
_fBussière)
300 _aVII, 252 p. ;
_c18 cm.
700 1 _aChenu, G.
_938349
852 _aES-MaACL
_jG-15900
999 _c89976
_d89976